|
|
|
|
| LEADER |
00000nam a2200000 a 4500 |
| 001 |
vtls001140045 |
| 003 |
SK-MaSNL |
| 005 |
20260301153906.0 |
| 008 |
250313s1982 PL r pol |
| 015 |
|
|
|a ZS1996/0000208
|
| 020 |
|
|
|a 8308003079
|c 80,00 Pzł.
|
| 035 |
|
|
|a SNK000082898
|
| 035 |
|
|
|a urn:nbn:sk:snk-amydks
|
| 035 |
|
|
|a urn:nbn:sk:snk-am00cff0
|
| 035 |
|
|
|a C03D5904-5B0A-4B91-A09B-24A4F2285CB3
|
| 040 |
|
|
|a SNK
|b slo
|c SNK
|e AACR2
|
| 041 |
0 |
|
|a pol
|
| 044 |
|
|
|a PL
|
| 080 |
|
|
|a 885.4-3(082)=84
|2 1981
|
| 245 |
1 |
|
|a Olowiany ptak
|b opowiadania slowackie
|c wybrala i posłoviem opatrzyla Danuta Abrahamowicz
|
| 260 |
|
|
|a Kraków
|b Wydawnictwo Literackie
|c 1982
|
| 300 |
|
|
|a 490, [2] s.
|c 18 cm
|
| 500 |
|
|
|a 10000 výt.
|
| 504 |
|
|
|a Biogr. údaje o aut.
|
| 650 |
0 |
7 |
|a literatúra slovenská
|x próza
|x antológie literárne
|2 SNK
|9 516014
|
| 650 |
0 |
7 |
|a antológie literárne
|x literatúra slovenská
|x próza
|2 SNK
|9 516015
|
| 650 |
0 |
7 |
|a próza slovenská
|x antológie literárne
|2 SNK
|9 516016
|
| 700 |
1 |
|
|a Abrahamowiczová, Danuta,
|d 1937-1995
|4 zos
|4 prk
|9 55529
|
| 852 |
|
|
|a Slovenská národná knižnica
|
| 919 |
|
|
|a 83-08-00307-9
|
| 958 |
|
|
|a AUL
|
| 958 |
|
|
|a ZS
|
| 958 |
|
|
|a TL
|
| 958 |
|
|
|a PL
|
| 958 |
|
|
|a UP
|
| 958 |
|
|
|a LX
|
| 958 |
|
|
|a ZB
|
| 958 |
|
|
|a OND
|
| 999 |
|
|
|c 794843
|d 796773
|
| 952 |
|
|
|a SNK
|b SNK
|y PREZ
|7 0
|p 17A1186097
|o snkSD 52968
|i snkV 1115/82
|8 2
|0 0
|1 0
|4 0
|d 1996-10-09
|f 1
|l 0
|r 2005-01-01 00:00:00
|w 2026-02-24
|
| 952 |
|
|
|t P60, <04>, [BOOK], {604}
|a SNK
|b SNK
|y VYP
|7 0
|o snkSD 52968 D1
|i snkV 2844/82
|0 0
|1 0
|4 0
|d 1996-10-09
|l 0
|r 2005-01-01 00:00:00
|w 2026-02-24
|
| 952 |
|
|
|t P60, <05>, [BOOK], {605}
|a SNK
|b SNK
|y PREZ
|7 0
|p 17A0218470
|o snkSD 52968 D2
|i snkV 3006/82
|0 0
|1 0
|4 0
|d 1996-10-09
|l 0
|r 2005-01-01 00:00:00
|w 2026-02-24
|
| 952 |
|
|
|t P60, <05>, [BOOK], {605}
|a SNK
|b SNK
|y PREZ
|7 0
|p 17A0013473
|o snkSD 52968 D3
|i snkV 1848/96
|0 0
|1 0
|4 0
|d 1996-10-09
|l 0
|r 2005-01-01 00:00:00
|w 2026-02-24
|